30 Biggest Cities in India in 2100 - Statistics

General Stats
  • This quiz has been taken 154 times
  • The average score is 20 of 30
Answer Stats
Population City % Correct
52.4 m Kolkata
100%
67.2 m Mumbai
100%
57.3 m Delhi
99%
25.8 m Chennai
98%
23.2 m Hyderabad
98%
24.8 m Bangalore
97%
19.7 m Ahmedabad
93%
11.0 m Jaipur
93%
17.3 m Pune
93%
10.0 m Lucknow
92%
14.5 m Surat
89%
6.0 m Agra
83%
11.7 m Kanpur
80%
9.1 m Nagpur
80%
7.7 m Indore
75%
6.5 m Bhopal
72%
8.2 m Patna
67%
5.1 m Varanasi
62%
6.4 m Coimbatore
61%
5.7 m Kochi
61%
6.6 m Vadodara
54%
5.7 m Visakhapatnam
43%
6.2 m Ludhiana
40%
5.6 m Nashik
33%
5.3 m Meerut
29%
4.9 m Jabalpur
23%
5.2 m Ghaziabad
20%
5.4 m Faridabad
16%
5.1 m Asansol
12%
4.9 m Jamshedpur
12%
No matching quizzes found
Score Distribution
Percent of People with Each Score
Percentile by Number Answered
Your Score History
You have not taken this quiz